Cement concrete canal linig (Record no. 5383)

MARC details
000 -LEADER
fixed length control field 00436nam a2200145Ia 4500
003 - CONTROL NUMBER IDENTIFIER
control field SGT
082 ## - DEWEY DECIMAL CLASSIFICATION NUMBER
Classification number 624
Item number CMA
100 ## - MAIN ENTRY--PERSONAL NAME
Personal name CMA
245 ## - TITLE STATEMENT
Title Cement concrete canal linig
260 ## - PUBLICATION, DISTRIBUTION, ETC. (IMPRINT)
Name of publisher, distributor, etc Cement Manufacturers Association
Place of publication, distribution, etc New Delhi
Year of Publication 1998
300 ## - PAGE DESCRIPTION
No. of Pages V.Pp.
650 ## - SUBJECT ADDED ENTRY--TOPICAL TERM
Topical term or geographic name as entry element CIVIL ENGINEERING
653 ## - KEYWORDS--INDEX TERM
Keyword term CEMENT CONCRETE CANAL LINING, ECONOMICS OF CEMENT CONCRETE LINIG, TENDERING FOR WORKS, QUALITY CONTROL, ENCLOSURES
942 ## - ADDED ENTRY ELEMENTS (KOHA)
Source of classification or shelving scheme Dewey Decimal Classification
Koha item type Books
Holdings
Withdrawn status Lost status Source of classification or shelving scheme Damaged status Not for loan Home library Current library Date acquired SGTU Full call number Accession No. (Barcode) Date last seen Bill Date Koha item type
    Dewey Decimal Classification     SGT Engineering Library SGT Engineering Library 16/10/2011 SGTU 624 CMA FE4277 09/02/2015 09/02/2015 Gifted Books